Misrepresentation and the Consumer Rights Act (Record no. 84797)

MARC details
000 -LEADER
fixed length control field 00715cab a22001935a 4500
001 - CONTROL NUMBER
control field L159087
008 - FIXED-LENGTH DATA ELEMENTS--GENERAL INFORMATION
fixed length control field 160114e20160109xxk 000 0 eng d
035 ## - SYSTEM CONTROL NUMBER
System control number (Sirsi) u159087
041 0# - LANGUAGE CODE
Language code of text/sound track or separate title eng
100 1# - MAIN ENTRY--PERSONAL NAME
Personal name Cursham, William
245 00 - TITLE STATEMENT
Title Misrepresentation and the Consumer Rights Act
260 ## - PUBLICATION, DISTRIBUTION, ETC.
Date of publication, distribution, etc. 2016
490 ## - SERIES STATEMENT
Series statement Estates Gazette
Volume/sequential designation (1601) 60(1)
520 ## - SUMMARY, ETC.
Summary, etc. Implications for developers of the Consumer Rights Act 2015 which came into force on 1 October 2015. This Act may make it easier for consumers to make successful claims against developers based on things stated by the developer pre-contract.
590 ## - LOCAL NOTE (RLIN)
Local note KA
651 #4 - SUBJECT ADDED ENTRY--GEOGRAPHIC NAME
Geographic name United Kingdom
690 ## - LOCAL SUBJECT ADDED ENTRY--TOPICAL TERM (OCLC, RLIN)
Topical term or geographic name as entry element Planning and development
9 (RLIN) 6259
942 ## - ADDED ENTRY ELEMENTS (KOHA)
Suppress in OPAC 0
Holdings
Withdrawn status Lost status Source of classification or shelving scheme Damaged status Not for loan Home library Current library Shelving location Date acquired Total Checkouts Full call number Barcode Date last seen Copy number Price effective from Koha item type
    Dewey Decimal Classification     London London Journal article 14/01/2016   L159087 159087-1001 06/08/2019 1 06/08/2019 Journal article